000 00682nam a2200289Ia 4500
005 20260324135839.0
008 008 260324s9999 xx 000 0 eng d
020 _a9780203449639
037 _aEBOOK
040 _aCRL
040 _beng
040 _cCRL
041 _2eng
041 _aeng
084 _qCRL
100 _aTim Etchells; Peggy Phelan
_91202145
245 0 _aCertain Fragments
245 0 _bTexts and Writings on Performance
260 _bTaylor and Francis
260 _c1999
365 _a
365 _b245
856 _uhttp://www.taylorfrancis.com/books/9780203449639
942 _cEBOOK
999 _c1803632
_d1803632